ბათუმის შოთა რუსთაველის სახელმწიფო უნივერსიტეტის ბიბლიოთეკა

პირველი ნაბიჯი ქრისტიანობაში / (ბიბ.ჩანაწერი № 55498)

000 -ლიდერი
ფიქსირებული სიგრძის საკონტროლო ველი 01516nam a2200277Ia 4500
001 - საკონტროლო ნომერი
საკონტროლო ველი 22580
003 - საკონტროლო ნომრის იდენტიფიკატორი
საკონტროლო ველი GE_BSU
005 - ბოლო ოპერაციის თარიღი და დრო
საკონტროლო ველი 20250903175516.0
008 - ფიქსირებული სიგრძის მონაცემთა ელემენტები - ზოგადი ინფორმაცია
ფიქსირებული სიგრძის საკონტროლო ველი 181216s2018||||ge |||||||||||||| ||geo||
040 ## - კატალოგიზაციის წყარო
Transcribing agency GE_BSU
041 ## - ენის კოდი
Language code of text/sound track or separate title geo
080 ## - უნივერსალური ათობითი კლასიფიკაციის ინდექსი
Universal Decimal Classification number 27-29 პ-38
245 ## - ცნობა სათაურის შესახებ
Title პირველი ნაბიჯი ქრისტიანობაში /
Statement of responsibility, etc შემდგენელი სოფიო თავაძე ; მხატვარი ლევან სილაგაძე.
250 ## - გამოცემის ცნობა
Edition statement 9789941290817
264 ## - წარმოების, გამოცემის, დისტრიბუციის და სხვა ცნობები
გამოცემის, წარმოების, დისტრიბუციის... ადგილი თბილისი :
გამოცემის, წარმოების, დისტრიბუციის... სახელწოდება (შპს "კოლორი"),
გამოცემის, წარმოების, დისტრიბუციის... თარიღი 2018.
300 ## - ფიზიკური აღწერა
Extent 160 გვ. ;
Dimensions 20 სმ.
490 ## - სერიის ცნობა
Series statement მეგზური სიკეთის სამყაროში / პროექტის ავტორი და რედაქტორი თამარ მამაცაშვილი
Volume number/sequential designation 2
500 ## - ზოგადი შენიშვნა
General note წიგნი მომზადებულია გამომცემლობა "პალიტრა L"-ის მიერ ჟურნალ კარიბჭესთან" პარტნიორობით
653 ## - INDEX TERM--UNCONTROLLED
Uncontrolled term პირველი ნაბიჯი ქრისტიანობაში
653 ## - INDEX TERM--UNCONTROLLED
Uncontrolled term რელიგია
653 ## - INDEX TERM--UNCONTROLLED
Uncontrolled term ქრისტიანობა
700 ## - ADDED ENTRY--PERSONAL NAME
Personal name თავაძე, სოფიო
Relator term შემდგენელი
9 (RLIN) 25769
700 ## - ADDED ENTRY--PERSONAL NAME
Personal name სილაგაძე, ლევან
Relator term მხატვარი
9 (RLIN) 25770
942 ## - ADDED ENTRY ELEMENTS (KOHA)
Koha item type წიგნი
Source of classification or shelving scheme
ეგზემპლარები
ჩამოწერის სტატუსი დაკარგული ეგზემპლარის სტატუსი კლასიფიკაციის წყარო ან თაროზე გაწყობის სქემა დაზიანების სტატუსი არ გაიცემა მუდმივი მდებარეობა (დაცვის ადგილი) ამჟამინდელი ადგილსამყოფელი თაროზე განთავსების ადგილი შეძენის თარიღი ღირებულება, შესყიდვის ნორმალური ფასი სრული შენახვის შიფრი შტრიხკოდი ბოლო ოპერაციის თარიღი ეგზემპლარის მიმდევრობითი ნომერი (კეტერი?) ფასის ძალაში შესვლის თარიღი ეგზემპლარის სახეობა საჯარო შენიშვნა
          ბათუმის შოთა რუსთაველის სახელმწიფო უნივერსიტეტის მთავარი ბიბლიოთეკა ბათუმის შოთა რუსთაველის სახელმწიფო უნივერსიტეტის მთავარი ბიბლიოთეკა წიგნსაცავი 2018-12-17 4.00 27-29 პ-38 28126 2018-12-17 28126 2018-12-17 წიგნი 4.00 ₾.